| 000 | 00350nam a2200133Ia 4500 | ||
|---|---|---|---|
| 008 | 240112s1970 JULY-DEC xx 000 0 und d | ||
| 041 | _aeng | ||
| 082 | _a617.703 | ||
| 100 | _aNEWELL F. | ||
| 245 | _aAMERICAN JOURNAL OF OPHTHALMOLOGY SERIES-3 | ||
| 260 |
_bOPHTHALMICPUB. COM. _c1970 JULY-DEC |
||
| 300 |
_a482,HB _c(1-3) |
||
| 440 | _v70 | ||
| 999 |
_c1142051 _d1142051 |
||